[Event "Damhus-ch A"]
[Site "Rodovre"]
[Date "2013.09.24"]
[Round "4"]
[White "Klifoth, Kurt"]
[Black "Pedersen, Kian"]
[Result "1-0"]
[WhiteElo "2168"]
[BlackElo "1830"]
[PlyCount "63"]
[EventDate "2013.09.03"]
[EventType "tourn"]
[EventRounds "7"]
[EventCountry "DEN"]
[SourceTitle "EXT 2023"]
[Source "ChessBase"]
[SourceDate "2022.10.05"]
[SourceVersion "1"]
[SourceVersionDate "2022.10.05"]
[SourceQuality "1"]

1. c4 c5 2. Nf3 Nc6 3. d4 cxd4 4. Nxd4 g6 5. e4 Bg7 6. Be3 d6 7. Nc3 Nf6 8. f3 Bd7 9. Qd2 Rc8 10. Be2 Ne5 11. b3 Qa5 12. 0-0 0-0 13. Nd5 Qd8 14. Rac1 Ne8 15. Nb5 Bxb5 16. cxb5 Rxc1 17. Rxc1 e6 18. Nb4 Qb8 19. Qc2 Nd7 20. Qc8 Qxc8 21. Rxc8 Nc5 22. Nd3 b6 23. Nxc5 dxc5 24. Ra8 Nd6 25. Rxa7 Rd8 26. Ra6 Bd4 27. Bxd4 cxd4 28. Rxb6 d3 29. Bxd3 Nc8 30. Rb8 Rxd3 31. Rxc8+ Kg7 32. b6 1-0

[Event "Damhus-ch A"]
[Site "Rodovre"]
[Date "2013.09.17"]
[Round "3"]
[White "Pedersen, Kian"]
[Black "Lergren, Ole"]
[Result "0-1"]
[WhiteElo "1830"]
[BlackElo "1732"]
[PlyCount "40"]
[EventDate "2013.09.03"]
[EventType "tourn"]
[EventRounds "7"]
[EventCountry "DEN"]
[SourceTitle "EXT 2023"]
[Source "ChessBase"]
[SourceDate "2022.10.05"]
[SourceVersion "1"]
[SourceVersionDate "2022.10.05"]
[SourceQuality "1"]

1. c4 e5 2. g3 Nf6 3. Bg2 Bc5 4. Nc3 Nc6 5. e3 d6 6. h3 Bf5 7. e4 Bd7 8. Nge2 0-0 9. d3 Nd4 10. Bg5 Ne6 11. Bh4 g5 12. f4 gxh4 13. f5 Nd4 14. g4 Kh8 15. Nxd4 Bxd4 16. g5 Rg8 17. gxf6 Rxg2 18. Nd5 Qg8 19. Qh5 Qg3+ 20. Kd1 Qxd3+ 0-1